[Event "22nd Hogeschool Zeeland 2018"]
[Site "Vlissingen"]
[Date "2018.08.10"]
[Round "8"]
[White "Schoppen, Casper"]
[Black "Hausrath, Daniel"]
[Result "0-1"]
[WhiteElo "2395"]
[BlackElo "2502"]
[Annotator "TA"]
[PlyCount "82"]
[EventDate "2018.08.04"]
[EventType "swiss"]
[EventCountry "NED"]
[SourceTitle "playchess.com"]
[Source "ChessBase"]
[SourceQuality "1"]

{[%evp 18,82,51,0,25,24,37,32,30,37,43,35,52,35,56,48,43,33,56,0,0,-13,-14,0,15,0,0,0,62,51,43,-55,-63,-58,-47,-138,-160,-158,-150,-160,-144,-140,-139,-206,-204,-296,-284,-273,-303,-304,-275,-279,-256,-408,-408,-515,-513,-515,-507,-506,-504,-501,-493,-542,-541,-544,-530]} 1. e4 d6 2. d4 Nf6 3. Nc3 e5 4. Nf3 Nbd7 5. Bc4 Be7 6. O-O O-O 7. h3 a6 8. a4 b6 9. Re1 c6 10. b3 {LiveBook: 24 Games} (10. Bb3 $14) 10... h6 {C41: Philidor Defence} (10... Qc7 11. Ba3 Bb7 12. Nh4 g6 13. Nf3 b5 14. dxe5 Nxe5 15. Be2 Rad8 16. axb5 axb5 17. Bb4 Ra8 18. Qd2 Nxf3+ 19. gxf3 {1-0 (55) Petrosian,T (2558)-Eljanov,P (2655) ICC INT 2006}) 11. Bb2 Rb8 $146 ({Predecessor:} 11... Qc7 12. Qd2 Re8 13. Rad1 Nf8 14. Nh4 b5 15. Bf1 Nxe4 16. Nxe4 Bxh4 17. dxe5 Rxe5 18. Bxe5 dxe5 {1-0 (24) Zivkovic,S (2286)-Milenkovic,A (1987) Belgrade 2015}) 12. Bd3 Qc7 {White is slightly better.} 13. Ne2 Re8 14. Ng3 Bf8 15. c4 g6 16. Qd2 Bg7 17. Rad1 Nf8 {[%cal Bd7f8,Bf8e6,Be6c7,Bc7b5][%mdl 32]} 18. c5 (18. Ba3 $14) 18... bxc5 $11 19. dxe5 dxe5 20. Bc4 N6d7 21. a5 Ne6 22. Qd6 Bf8 (22... Qxd6 $11 23. Rxd6 Bf8 24. Rxc6 Bb7 25. Rxe6 (25. Nxe5 $2 Nxe5 26. Rxe6 Rxe6 $19) 25... fxe6) 23. Qxc7 $14 Nxc7 24. h4 ({White should try} 24. Re3 $14) 24... Nb5 $15 25. h5 g5 $1 ({Don't go for} 25... Nd6 $2 26. Rxd6 $1 {[%mdl 512]} Bxd6 27. hxg6 $18) 26. Rxd7 ({White should play} 26. Rc1 $15) 26... Bxd7 $17 27. Nxe5 {[#]} Be6 $1 28. Nf5 {[#] With the idea Ng4.} Nd4 $1 {[%cal Rd4f5]} 29. Bxd4 cxd4 30. Nxc6 (30. Nxd4 $17 {was necessary.} Bxc4 31. Nxc4) 30... Bxc4 $19 31. Nxb8 (31. bxc4 $142 Rbc8 32. Nfxd4) 31... Bb5 ({Weaker is} 31... Bxb3 32. Nxd4 Rxb8 33. Rb1 $15) 32. Nxa6 Bxa6 33. Nxd4 Bb4 34. Rc1 Rxe4 35. Nf5 (35. Nc6 $142 Ba3 36. Ra1) 35... Re6 36. Nd4 Re1+ {Black is clearly winning.} 37. Rxe1 Bxe1 38. Nc6 Bb5 39. Nd4 Bd3 40. Nc6 Be4 41. Kf1 Bc3 {Precision: White = 52%, Black = 56%.} (41... Bxc6 $2 42. Kxe1 Bxg2 43. Ke2 $19) 0-1

[Event "22nd Hogeschool Zeeland 2018"]
[Site "Vlissingen"]
[Date "2018.08.10"]
[Round "8"]
[White "Van Delft, Merijn"]
[Black "Van Dommelen, Martin"]
[Result "1-0"]
[WhiteElo "2395"]
[BlackElo "2192"]
[Annotator "TA"]
[PlyCount "77"]
[EventDate "2018.08.04"]
[EventType "swiss"]
[EventCountry "NED"]
[SourceTitle "playchess.com"]
[Source "ChessBase"]
[SourceQuality "1"]

{[%evp 16,77,60,60,56,47,48,35,103,59,65,39,38,20,25,31,20,-14,16,0,24,26,14,16,21,0,0,0,0,-17,12,-3,0,0,27,23,19,15,111,43,51,52,210,209,197,205,172,143,149,126,205,137,309,312,322,307,294,300,446,297,742,395,1252,1218]} 1. d4 e6 2. e4 d5 3. Nc3 dxe4 4. Nxe4 Nd7 5. Nf3 Ngf6 6. Nxf6+ Nxf6 7. Bd3 c5 8. Be3 cxd4 {C10: French with 3 Nc3: Unusual Black 3rd moves and 3...dxe4} (8... Qc7 9. Qe2 a6 10. O-O b6 11. c4 cxd4 12. Bxd4 Bb7 13. Ne5 Bc5 14. Bc3 Rd8 15. Rad1 Bd4 16. Bxd4 Rxd4 {½-½ (53) Wei,Y (2739)-Ivanchuk,V (2729) Medias 2017}) 9. Bxd4 {LiveBook: 3 Games} Bd7 10. Ne5 Qa5+ {White is slightly better.} 11. c3 Bb5 $146 (11... Bc5 $14 12. Nc4 Qc7) ({Predecessor:} 11... Bc5 12. b4 Bxb4 13. Nc4 Qd5 14. Bxf6 Qxg2 15. Rf1 Bc5 16. Be5 {1-0 (40) Charochkina,D (2358)-Fominykh,M (2253) Moscow 2012}) 12. Qb3 Ba6 13. O-O-O {And now Rhe1 would win.} Be7 $1 14. Bb1 Rc8 15. Rhe1 O-O 16. Bd3 (16. Bxa7 Nd5 $15) 16... Bc5 {[#] White must now prevent ...Bxd4.} (16... Bxd3 {keeps more tension.} 17. Rxd3 b5 18. f4 b4 19. f5 bxc3 20. Bxc3 Nd5) 17. Bxa6 bxa6 18. Nc4 Qc7 19. Be5 Qe7 20. f3 Nd5 21. Kb1 Rfd8 22. Ka1 Qg5 23. Bg3 h5 24. Re5 Qg6 25. a3 Rb8 26. Qa4 Be7 (26... Nb6 $1 $11 27. Nxb6 Bxb6) 27. Re2 (27. Rdxd5 $16 Rxd5 28. Rxd5 exd5 29. Bxb8 dxc4 30. Bxa7) 27... Rbc8 $14 28. Ne5 $36 {[%mdl 2048] White has good play.} (28. Qxa6 $2 {[#]} Nxc3 $1 {[%mdl 512]} 29. Rxd8+ Rxd8 $19) 28... Qf5 $2 (28... Qg5 $1 $14) 29. Nc6 $18 (29. Qxa6 Nxc3 30. Rc1 (30. Rxd8+ $2 Rxd8 31. Re1 Qc2 $19) 30... h4 $17) 29... Re8 30. Re5 {[%cal Be2e5,Be5h5,Bh5b5,Bb5b4][%mdl 32]} ({Don't do} 30. Nxa7 Ra8 $16) (30. Qxa6 Bf6 $16) 30... Nb6 31. Qxa6 Qc2 32. Qd3 Qb3 (32... Qxg2 $16 {might work better.} 33. Rxh5 (33. Nxe7+ Rxe7 34. Rxh5 f5 $16) 33... f5 34. Nxe7+ (34. Nxa7 Red8 $17) 34... Rxe7) 33. Rxh5 {White wants to mate with Qh7+.} ({Not} 33. Na5 Qa4 $11) 33... g6 $2 (33... f5 $16 {keeps fighting.}) 34. Rb5 Qa4 35. Nxe7+ Rxe7 36. Rb4 Qc6 (36... Qa5 {was called for.} 37. Qe3 Nd5) 37. Qb5 Qa8 $2 (37... Qxb5 38. Rxb5 Nc4) 38. Qe5 {White threatens Rh4 and mate.} Nc4 $2 (38... Rd7) 39. Qf6 {Precision: White = 36%, Black = 37%.} 1-0

[Event "22nd Hogeschool Zeeland 2018"]
[Site "Vlissingen"]
[Date "2018.08.10"]
[Round "8"]
[White "Shyaamnikhil P"]
[Black "Wan, Yunguo"]
[Result "1/2-1/2"]
[WhiteElo "2389"]
[BlackElo "2501"]
[Annotator "TA"]
[PlyCount "112"]
[EventDate "2018.08.04"]
[EventType "swiss"]
[EventCountry "NED"]
[SourceTitle "playchess.com"]
[Source "ChessBase"]
[SourceQuality "1"]

{[%evp 17,112,16,39,20,18,12,88,108,115,15,76,75,72,35,35,43,29,32,27,35,36,39,34,29,29,39,28,40,54,35,34,22,45,26,45,45,56,4,30,0,0,0,0,0,0,0,0,0,0,0,0,0,18,19,19,0,3,1,27,0,0,0,0,0,0,0,0,0,0,0,0,0,0,0,0,0,0,0,0,0,0,0,0,0,0,0,0,0,0,0,0,0,0,0,0,0,0]} 1. d4 Nf6 2. c4 g6 3. Nc3 d5 4. Bg5 Bg7 5. Bxf6 Bxf6 6. cxd5 {D80: Grünfeld: Unusual White 4th moves and 4 Bg5} c5 7. dxc5 {[%cal Bd4c5,Bc5c6][%mdl 32]} Nd7 8. c6 Nc5 9. Rc1 Qb6 {LiveBook: 3 Games} 10. e3 $146 ({Predecessor:} 10. Nf3 O-O 11. e3 Qxb2 12. Nd4 bxc6 13. Be2 cxd5 14. Nxd5 Bxd4 15. Nxe7+ Kg7 16. Qxd4+ Qxd4 17. exd4 Re8 18. Rxc5 {½-½ (18) Vallejo Pons,F (2710)-Nepomniachtchi,I (2751) Moscow 2017}) 10... Qxb2 11. Nge2 Bg4 (11... bxc6 $11 12. Nd4 Bb7) 12. f3 $16 Bf5 13. Nd4 ({Better is} 13. e4 $16 Bc8 14. Qd2) 13... bxc6 (13... Nd3+ $1 $11 {remains equal.} 14. Bxd3 Qxg2 15. Nxf5 Qxh1+ 16. Kd2 Qxh2+ 17. Ne2 bxc6) 14. Qd2 Qb6 15. e4 Bd7 16. dxc6 Be6 $1 17. Rb1 Nxe4 18. fxe4 ({Much weaker is} 18. Rxb6 Nxd2 19. Rb4 Nxf1 $17) 18... Qxd4 19. Qxd4 Bxd4 20. Nd5 {[#] And now Nc7+ would win.} Be5 21. Ba6 Bc8 22. Bb7 Rb8 23. Ke2 e6 {[#] Threatens to win with ...Bxb7.} 24. Ne3 Ke7 $1 25. Nc4 Bc7 26. Rhd1 {Strongly threatening Bxc8.} Rd8 $1 27. Rxd8 (27. Bxc8 $14 Rbxc8 28. Rxd8 Kxd8 29. g3) 27... Kxd8 $11 28. e5 Bxb7 $1 29. cxb7 {[%mdl 4096] Endgame KRB-KRN} Kd7 30. h3 Kc6 31. Rf1 Rf8 32. Rb1 Rb8 33. Rf1 Rxb7 34. Rxf7 Rb1 35. Rxh7 Ra1 36. a3 Ra2+ 37. Kf3 {White wants to play Re7.} Rc2 38. Nd6 (38. Ne3 {is more complex.} Rc3 39. Ke4 Bb6 40. Ng4 Rxa3 41. Rg7) 38... Kd5 {The position is equal.} 39. Nb5 Bb6 40. Nxa7 Rc3+ 41. Ke2 Re3+ 42. Kf1 Rxa3 43. Nc8 Bc5 44. Ne7+ Ke4 {Hoping for ...Ke3.} 45. Nxg6 Ra1+ 46. Ke2 Ra2+ 47. Kd1 Rxg2 48. Rh4+ Ke3 49. Rg4 Rd2+ 50. Ke1 {Black must now prevent Rg3+.} Ra2 {[%cal Ra2a1]} (50... Rh2 {with more complications.} 51. Rg3+ Ke4 52. Rg4+ Kd5 53. Nf4+ Kxe5 54. Nd3+ Kd6) 51. Kf1 Rf2+ 52. Kg1 Kd3 53. Kh1 Be3 54. h4 Rf5 55. Kh2 Bd4 56. Kh3 Bxe5 {Precision: White = 72%, Black = 70%.} 1/2-1/2

[Event "22nd Hogeschool Zeeland 2018"]
[Site "Vlissingen"]
[Date "2018.08.10"]
[Round "8"]
[White "Timmermans, Mark"]
[Black "Mesman, Edwyn"]
[Result "1-0"]
[WhiteElo "2383"]
[BlackElo "2154"]
[Annotator "TA"]
[PlyCount "63"]
[EventDate "2018.08.04"]
[EventType "swiss"]
[EventCountry "NED"]
[SourceTitle "playchess.com"]
[Source "ChessBase"]
[SourceQuality "1"]

{[%evp 12,63,61,62,51,58,68,56,52,45,44,16,17,14,26,2,0,-6,60,35,85,93,91,88,125,136,147,118,219,175,191,168,170,167,231,175,196,198,201,193,191,191,196,193,231,226,316,333,330,324,365,306,446,451]} 1. e4 c5 2. Nf3 d6 3. d4 cxd4 4. Nxd4 Nf6 5. f3 a6 6. c4 e5 {B55: Sicilian: 2...d6 3 d4 cxd4 4 Nxd4 Nf6 5 f3} (6... e6 7. Nc3 Be7 8. Be2 O-O 9. O-O Nc6 10. Be3 d5 11. cxd5 exd5 12. Nxc6 bxc6 13. exd5 Nxd5 14. Nxd5 cxd5 15. Bd4 a5 16. Rc1 Be6 17. Rc3 Bf6 18. Qd2 Bxd4+ 19. Qxd4 {½-½ (33) Rublevsky,S (2677)-Naiditsch,A (2663) Odessa 2007}) 7. Nc2 {LiveBook: 7 Games} Be6 8. Nc3 Nbd7 {White is slightly better.} 9. Be3 Rc8 10. Nd5 Be7 $146 ({Predecessor:} 10... Bxd5 11. cxd5 Nxe4 12. fxe4 Qh4+ 13. Bf2 Qxe4+ 14. Ne3 {1-0 (42) Varga,Z (2564)-Marceta,M (2159) Rabac 2004}) 11. Ncb4 Bxd5 12. cxd5 O-O 13. Qd2 Nh5 14. g3 g6 (14... f5 $11) 15. Bh6 Re8 16. Bh3 Bf8 17. Be3 Bg7 18. O-O Rf8 19. Nd3 {Strongly threatening Qb4.} Rc4 (19... a5 $16 20. Rac1 Rxc1 21. Rxc1 f5) 20. Rac1 Rxc1 21. Rxc1 {And now Qb4 would win.} ({But not} 21. Nxc1 $6 b6 $16) 21... f5 22. Qb4 Ndf6 (22... Qb8 {is a better defense.} 23. Qc3 Kh8) 23. exf5 Nxd5 24. Qc4 Nhf6 25. Nb4 Qa5 26. Nxd5 Qxd5 27. fxg6 {[#] aiming for Be6+.} Qxc4 28. gxh7+ Kh8 29. Rxc4 Nd5 30. Bg5 Kxh7 31. Be6 Kg6 (31... b5 $142 32. Rc6 (32. Bxd5 bxc4 33. Be7 Rb8 $14) 32... Nb4) 32. h4 {Precision: White = 73%, Black = 50%.} ({Not} 32. Bxd5 Kxg5 33. Rc7 Kf6 $18) 1-0

[Event "22nd Hogeschool Zeeland 2018"]
[Site "Vlissingen"]
[Date "2018.08.10"]
[Round "8"]
[White "Grooten, Herman"]
[Black "De Boer, Eelke"]
[Result "1-0"]
[WhiteElo "2374"]
[BlackElo "2292"]
[Annotator "TA"]
[PlyCount "105"]
[EventDate "2018.08.04"]
[EventType "swiss"]
[EventCountry "NED"]
[SourceTitle "playchess.com"]
[Source "ChessBase"]
[SourceQuality "1"]

{[%evp 29,105,20,26,24,10,15,25,15,22,3,3,3,3,0,0,-5,31,15,45,10,12,-12,60,77,88,44,39,47,43,57,43,43,45,35,83,69,87,77,67,72,79,94,89,79,96,68,131,136,145,34,8,8,295,293,300,277,277,277,303,309,304,280,256,229,220,208,251,251,294,239,700,680,29970,29971,29984,29985,29984,29982]} 1. d4 Nf6 2. c4 g6 3. Nc3 Bg7 4. e4 d6 5. Nf3 O-O 6. Be2 e5 7. Be3 Ng4 8. Bg5 {[%cal Be3g5,Bg5h4,Bh4g3][%mdl 32]} f6 9. Bh4 g5 10. Bg3 Nh6 11. c5 {E92: King's Indian: Classical: 6 Be2 e5: 7 dxe5, 7 Be3 and Petrosian System without 7...Nbd7} g4 12. Nh4 Nc6 13. cxd6 cxd6 14. dxe5 dxe5 15. Bc4+ Kh8 $1 {LiveBook: 13 Games} 16. Qxd8 Rxd8 17. O-O Nd4 18. Rad1 Bd7 {[#]} 19. Bd5 $146 Rac8 20. Rd2 b5 21. Ne2 Nxe2+ 22. Rxe2 Rc7 23. f3 b4 24. Rd1 {Strongly threatening Be6!} Be6 25. Kf1 f5 ({Black should play} 25... gxf3 $11 26. gxf3 Ng8) 26. Red2 $1 $14 Rcd7 27. Ke1 (27. Ke2 {feels hotter.} Bxd5 28. Rxd5 Rxd5 29. Rxd5 Rxd5 30. exd5 Kg8 31. Kd3) 27... Bxd5 28. Rxd5 Rxd5 29. Rxd5 Rxd5 30. exd5 gxf3 31. gxf3 {[%mdl 4096] Endgame KBN-KBN} Kg8 32. b3 Bf6 33. Ke2 Kf7 34. Kd3 Ke7 35. Ng2 Kd6 36. Kc4 a5 37. f4 Ng8 (37... e4 $14) 38. Ne3 $16 Ne7 39. h3 ({White must play} 39. fxe5+ $16 Bxe5 40. Bxe5+ Kxe5 41. Kc5) 39... e4 $14 40. Bf2 Bc3 $2 {[%mdl 8192]} (40... h5 $11) 41. Bh4 $18 Ng6 42. Nxf5+ Kd7 43. Bg3 Bd2 44. Kd4 Bxf4 45. Bf2 Bc7 {aiming for ...Bb6+.} 46. Kxe4 Nf4 {[#]} 47. Be3 $1 {[%cal Re3f4]} Nxh3 {[#]} 48. Kf3 $1 {[%cal Rf3g4]} h5 49. Ng7 a4 $2 (49... Bh2 50. Ne6 (50. Nxh5 Bg1 $18) 50... Kd6) 50. bxa4 {[%cal Bb3a4,Ba4a5][%mdl 32]} Kd6 51. Ne8+ {White mates.} Kd7 52. Nxc7 Kxc7 53. a5 {Precision: White = 70%, Black = 38%.} 1-0

[Event "22nd Hogeschool Zeeland 2018"]
[Site "Vlissingen"]
[Date "2018.08.10"]
[Round "8"]
[White "Haast, Mark"]
[Black "Van Baar, Esper"]
[Result "1-0"]
[WhiteElo "2350"]
[BlackElo "2241"]
[Annotator "TA"]
[PlyCount "61"]
[EventDate "2018.08.04"]
[EventType "swiss"]
[EventCountry "NED"]
[SourceTitle "playchess.com"]
[Source "ChessBase"]
[SourceQuality "1"]

{[%evp 18,61,20,17,33,36,29,9,39,25,33,0,0,0,31,26,41,33,69,67,70,65,62,18,33,28,42,27,27,37,66,62,47,52,85,79,419,415,397,300,476,472,481,462,458,439]} 1. c4 Nf6 2. g3 g6 3. Bg2 Bg7 4. Nc3 O-O 5. d4 d6 6. e3 c5 7. Nge2 Nc6 8. O-O cxd4 9. Nxd4 Nxd4 10. exd4 Bg4 {E61: King's Indian: Early deviations for White, including Smyslov System} 11. Qd3 $146 ({Predecessor:} 11. Qb3 Rb8 12. Be3 a6 13. h3 Bd7 14. a4 Bc6 15. d5 Bd7 16. Bb6 Qc8 17. Kh2 h5 18. Rae1 {0-1 (41) Bakutin,A (2322)-Saulin,D (2400) Tula 2005}) 11... Bf5 12. Qf3 Rb8 {The position is equal.} 13. h3 h5 14. b3 a6 15. a4 {[%cal Ba2a4,Ba4a5][%mdl 32]} Qb6 16. Qd1 $1 Bd7 17. Bg5 Bc6 18. d5 Bd7 19. a5 Qc7 20. Ne2 Nh7 $1 {[%csl LRa1,LRg5]} 21. Be3 {[%cal Bg5e3,Be3a7,Ba7d4][%mdl 32]} Qc8 22. Kh2 Bxa1 23. Qxa1 Re8 24. Ba7 {[%mdl 1024] White has compensation.} Ra8 25. Bd4 Bf5 26. Qc1 Bd3 $2 {[%mdl 8192] [#]} (26... e5 $16 {is tougher.} 27. dxe6 fxe6) 27. Qh6 $1 $18 {[%csl Gd4][%cal Rh6g7]} Nf6 28. Nf4 Qf5 (28... Bxf1 $142 29. Nxg6 fxg6 30. Bxf6 exf6 31. Qxg6+ Kf8 32. Qxf6+ Kg8 33. Qg6+ Kh8 34. Qh6+ Kg8 35. Qg6+ Kh8 36. Qh6+ Kg8 37. Qg6+) 29. Re1 {White is clearly winning.} Bc2 {[#]} 30. Re6 $1 {[%mdl 512]} Rac8 (30... fxe6 31. Nxe6) 31. Bf3 {Precision: White = 69%, Black = 29%.} 1-0

[Event "22nd Hogeschool Zeeland 2018"]
[Site "Vlissingen"]
[Date "2018.08.10"]
[Round "8"]
[White "Maatman, Nick"]
[Black "Vrolijk, Liam"]
[Result "1/2-1/2"]
[WhiteElo "2345"]
[BlackElo "2430"]
[Annotator "TA"]
[PlyCount "34"]
[EventDate "2018.08.04"]
[EventType "swiss"]
[EventCountry "NED"]
[SourceTitle "playchess.com"]
[Source "ChessBase"]
[SourceQuality "1"]

{[%evp 19,34,0,0,0,0,0,0,0,0,0,0,0,0,0,0,0,0]} 1. d4 Nf6 2. c4 e6 3. Nf3 d5 4. Nc3 dxc4 5. e4 Bb4 6. Bxc4 {D24: Queen's Gambit Accepted: 3 Nf3 Nf6 4 Nc3} Nxe4 7. O-O Nxc3 (7... Nf6 8. Qa4+ Nc6 9. Ne5 Rb8 10. d5 exd5 11. Nxd5 Nxd5 12. Nxc6 bxc6 13. Qxc6+ Qd7 14. Bxd5 {½-½ (28) Aronian,L (2764)-Caruana,F (2822) Stavanger 2018}) 8. bxc3 Bd6 9. Ng5 h6 10. Qh5 O-O {LiveBook: 8 Games. The position is equal.} 11. Ne4 {Threatens to win with Re1.} f5 12. Nxd6 cxd6 13. Bxh6 gxh6 {[#]} 14. Qg6+ $146 Kh8 {[#] aiming for ...Rf6.} 15. Qxh6+ Kg8 16. Qg6+ Kh8 17. Qh6+ Kg8 1/2-1/2

[Event "22nd Hogeschool Zeeland 2018"]
[Site "Vlissingen"]
[Date "2018.08.10"]
[Round "8"]
[White "Rijnaarts, Sjef"]
[Black "Viani Antonio Dcunha"]
[Result "0-1"]
[WhiteElo "2339"]
[BlackElo "2414"]
[Annotator "TA"]
[PlyCount "76"]
[EventDate "2018.08.04"]
[EventType "swiss"]
[EventCountry "NED"]
[SourceTitle "playchess.com"]
[Source "ChessBase"]
[SourceQuality "1"]

{[%evp 28,76,18,10,31,13,33,10,13,13,7,0,0,0,0,0,42,36,28,-34,-47,-38,0,-4,87,0,253,-162,0,-225,-227,-561,-547,-626,-619,-620,-595,-656,-658,-714,-693,-1184,-1144,-1798,-1795,-683,-1708,-1570,-1465,-29992,-29991]} 1. e4 e5 2. Nf3 Nc6 3. Bb5 {[%cal Bf1b5,Bb5a4,Ba4b3,Bb3a2][%mdl 32]} a6 4. Ba4 Nf6 5. O-O Be7 6. Re1 b5 7. Bb3 O-O 8. a4 Bb7 9. d3 d6 10. Nbd2 Na5 11. Ba2 c5 12. Nf1 b4 13. Ng3 b3 14. Bxb3 Nxb3 15. cxb3 {LiveBook: 12 Partien} g6 $146 {C88: Spanische Partie (Geschlossenes System)} ({Vorgänger:} 15... Bc8 16. b4 cxb4 17. d4 Bb7 18. b3 exd4 19. Nxd4 Re8 20. Bb2 Bf8 21. Qd3 Nd7 22. Ngf5 Qg5 23. Nf3 Qg6 24. N3h4 Qg5 25. Nf3 Qg6 26. N3h4 Qg5 {½-½ (26) Lagno,K (2541)-Pogonina,N (2466) Monaco 2017}) 16. Bh6 Re8 17. Bd2 a5 {Die Stellung ist ausgeglichen.} 18. Bc3 Nd7 {[%cal Bf6d7,Bd7b8,Bb8c6,Bc6e5,Be5d3][%mdl 32]} 19. Nd2 Nb8 20. Rf1 Nc6 21. f4 d5 22. exd5 $1 (22. fxe5 $2 d4 $19) 22... Qxd5 23. fxe5 (23. f5 $1 $11) 23... Nxe5 $15 {[%csl Gb7][%cal Rd5g2]} 24. Nde4 Nxd3 {Droht ...f5 und aus.} 25. Qd2 $132 {[%mdl 2048] Weiss has counterplay} f5 (25... Ra6 $1 $11 {bleibt in der Remisbreite.} 26. Rad1 f5 27. Qxd3 (27. Qh6 $2 Bf8 $19) 27... Qxd3 28. Rxd3 fxe4) 26. Rad1 (26. Qh6 $16 {[%csl Gc3][%cal Rh6g7]} Qf7 27. Ng5 Bxg5 28. Qxg5) 26... Rad8 $2 {[%mdl 8192]} (26... fxe4 $2 27. Qh6 $18) (26... c4 $6 27. bxc4 Qc6 28. Qxd3 $14) (26... Ra6 $11 {und Schwarz muss sich keine Sorgen machen.}) 27. Qe3 $4 {[%mdl 8192] [#]} (27. Qh6 $18 {[%csl Gc3][%cal Rh6g7] war der einzige Gewinnzug.} Qf7 28. Ng5 Bxg5 29. Qxg5) 27... c4 $2 (27... fxe4 $2 28. Qh6 $16) (27... f4 $1 $19 {[%cal Rf4e3]} 28. Rxf4 Nxf4 29. Rxd5 Nxd5) 28. Qh6 $2 {[#]} (28. bxc4 $11 {und Weiss ist OK.} Qc6 29. Rxd3 Rxd3 30. Qxd3 fxe4 31. Qe2 (31. Qd4 $2 Bc5 $19)) 28... Qf7 $1 $19 {Droht stark ...Td7.} ({Minderwertig wäre} 28... Bc5+ 29. Kh1 $16) 29. h4 $2 ({Natürlich nicht} 29. bxc4 Qf8) (29. h3 {ist eine bessere Chance.}) 29... Bf8 (29... Bxe4 $2 30. Nxe4 cxb3 31. Bxa5 $19) 30. Qg5 Bxe4 31. Nxe4 {zielt auf Sf6+ ab.} Qa7+ 32. Kh2 {Sf6+ ist eine echte Drohung.} fxe4 33. h5 Qc5 34. Qg4 Rd5 35. Rxf8+ Rxf8 36. Qe6+ Rf7 37. Qe8+ Qf8 38. Qxe4 Qd6+ {Precision: Weiß = 26%, Schwarz = 56%.} 0-1

[Event "22nd Hogeschool Zeeland 2018"]
[Site "Vlissingen"]
[Date "2018.08.10"]
[Round "8"]
[White "Rajesh, V A V"]
[Black "Lopez-Rojas, Jeffrey"]
[Result "1-0"]
[WhiteElo "2325"]
[BlackElo "2156"]
[Annotator "TA"]
[PlyCount "79"]
[EventDate "2018.08.04"]
[EventType "swiss"]
[EventCountry "NED"]
[SourceTitle "playchess.com"]
[Source "ChessBase"]
[SourceQuality "1"]

{[%evp 21,79,50,46,36,35,10,47,47,64,64,95,94,118,94,120,115,114,108,110,94,104,97,102,106,94,78,122,126,209,206,200,208,200,164,257,226,252,256,334,329,335,336,370,343,430,431,547,541,784,459,472,471,468,470,454,383,374,369,551,562]} 1. d4 g6 2. c4 Bg7 3. Nf3 d6 4. Nc3 Nf6 5. e4 O-O 6. h3 Na6 7. Bd3 e5 8. d5 Nc5 9. Bc2 a5 10. Bg5 {E90: King's Indian: Classical: Early deviations and 6 h3} (10. O-O Nh5 11. Bg5 f6 12. Be3 Nf4 13. Qd2 f5 14. exf5 Bxf5 15. Bxf4 exf4 16. Bxf5 Rxf5 17. Rae1 a4 {1-0 (45) Mary,P (2558)-Civitillo,A (2447) ICCF email 2010}) 10... h6 11. Be3 b6 {LiveBook: 3 Games} 12. a3 {White is slightly better.} Bd7 13. g4 $146 ({Predecessor:} 13. b4 axb4 14. axb4 Nb7 15. Rb1 Kh7 16. g4 Ng8 {1-0 (54) Van Kemenade,R (1998)-Dixon,C (1812) Penarth 2017}) 13... a4 14. Nd2 Qe8 15. Qe2 Kh8 16. O-O-O Ng8 17. Rdg1 Ra5 18. h4 {[%cal Bh3h4,Bh4h5][%mdl 32]} Qe7 19. Rh2 Rb8 20. f3 c6 21. Qd1 Qe8 22. h5 {Threatens to win with g5.} (22. Bxa4 $6 Nxa4 23. Nxa4 cxd5 $11) 22... g5 23. Bxc5 ({Reject} 23. Bxa4 $6 Nxa4 24. Nxa4 cxd5 $11) 23... dxc5 24. Bxa4 b5 {[#]} (24... Ne7 $16 {was called for.} 25. Bc2 Ra7) 25. dxc6 $1 $18 bxa4 26. cxd7 Qxd7 27. Nd5 Ra7 (27... Ne7 $142 28. Nxe7 Qxe7) 28. Nb1 {[%cal Bd2b1,Bb1c3,Bc3b5][%mdl 32]} Qc6 29. Nbc3 Bf6 30. Nb5 Ra6 31. Rd2 Bd8 32. Ndc3 Qf6 33. Rd6 Qf4+ 34. Kb1 Raa8 35. Qe2 {[#] aiming for Nd5.} Nf6 36. Rd3 Ba5 37. Nxa4 Bb4 38. Nac3 ({Weaker is} 38. axb4 Rxa4 39. bxc5 Rxc4 $18) 38... Bxc3 39. Rxc3 ({Resist} 39. Nxc3 Rxa3 40. Nd5 Nxd5 $18) 39... Nd7 (39... Rd8 $142 40. Rd1 Ne8 41. Rxd8 Rxd8) 40. Nc7 {Precision: White = 77%, Black = 41%.} 1-0

[Event "22nd Hogeschool Zeeland 2018"]
[Site "Vlissingen"]
[Date "2018.08.10"]
[Round "8"]
[White "Ree, Hans"]
[Black "Chanda, Sandipan"]
[Result "0-1"]
[WhiteElo "2303"]
[BlackElo "2554"]
[Annotator "TA"]
[PlyCount "80"]
[EventDate "2018.08.04"]
[EventType "swiss"]
[EventCountry "NED"]
[SourceTitle "playchess.com"]
[Source "ChessBase"]
[SourceQuality "1"]

{[%evp 16,80,0,-7,0,-36,-37,-44,-37,-54,-39,-64,-76,-177,-183,-171,-178,-183,-197,-187,-158,-180,-183,-184,-174,-185,-186,-190,-175,-195,-152,-133,-162,-183,-94,-202,-203,-193,-193,-225,-193,-210,-187,-295,-298,-327,-311,-335,-328,-340,-317,-338,-344,-331,-328,-335,-310,-376,-377,-355,-268,-877,-895,-888,-868,-29994,-469]} 1. c4 f5 2. g3 Nf6 3. Bg2 g6 4. Nc3 Bg7 5. e3 O-O 6. Nge2 d6 7. d3 e5 8. b3 {A21: English Opening: 1...e5 2 Nc3} c6 9. Bb2 {LiveBook: 4 Games} d5 $146 ({Predecessor:} 9... Na6 10. Qd2 Be6 11. O-O d5 12. Rfd1 d4 13. exd4 exd4 {0-1 (34) Medancic,R (2223)-Vallejo Pons,F (2697) Condino 2012}) 10. Qd2 {The position is equal.} dxc4 11. bxc4 Be6 12. f4 exf4 13. gxf4 Ng4 14. Nd4 {[#]} (14. Bf3 $17) 14... Bf7 $1 $19 {Strongly threatening ...Nxe3!} (14... Bxd4 15. exd4 Qh4+ 16. Kf1 $11) 15. Nf3 Re8 16. O-O Rxe3 17. Rad1 {next h3 is good for White.} Re8 {Threatens to win with ...Ne3.} 18. Rde1 Qb6+ 19. d4 Nd7 20. c5 Qa5 21. h3 Ngf6 {[%cal Bg4f6,Bf6d5,Bd5c7,Bc7e6][%mdl 32]} 22. Ne5 Nxe5 23. fxe5 Nd5 24. Rf2 {[#]} Rad8 (24... Nc7 $1 $19 25. Qe3 Rad8) 25. Rb1 (25. Nxd5 $17 {might work better.} Qxd2 26. Rxd2) 25... Nc7 26. Qe3 Ne6 27. Rd2 Rd7 28. Rbd1 Red8 29. a3 (29. Ne2 {was worth a try.}) 29... Bf8 30. Kh1 Be7 {White must now prevent ...Bg5.} 31. d5 cxd5 ({Not} 31... Nxc5 32. e6 $11) ({Weaker is} 31... Qxc5 32. Qh6 $19) 32. Rxd5 Bxc5 33. Qc1 Rxd5 34. Nxd5 Kg7 35. Rd3 Qa4 36. Qd2 Qh4 37. Kh2 Qf2 38. Qc1 $2 {[#]} (38. Qxf2 Bxf2 39. Nf4) 38... Rxd5 $1 39. Rxd5 Be3 {Hoping for ...Qf4+.} 40. Qc3 Qg1+ {Precision: White = 23%, Black = 73%.} 0-1